| 000 | 00713nam a2200217 i 4500 | ||
|---|---|---|---|
| 001 | 46916 | ||
| 003 | ES-MaACL | ||
| 005 | 20250808090127.0 | ||
| 007 | t| | ||
| 008 | 030402s1968 sp ||||1| spa d | ||
| 100 | 1 |
_aConstant, Benjamin. _940242 |
|
| 245 | 1 | 0 |
_aCurso de política constitucional / _cBenjamín Constant ; traducción y prólogo de F. L. de Iturbe. |
| 260 |
_aMadrid : _bTaurus, _c[1968] |
||
| 300 |
_aXXXIX, 317 p. ; _c21 cm. |
||
| 490 | 1 |
_aClásicos de la política ; _v3 |
|
| 650 | 0 | 7 |
_aDerecho constitucional _2embne _911680 |
| 700 | 1 |
_aIturbe, F. L. de. _965616 |
|
| 830 | 0 |
_aClásicos de la política ; _v3 _9229999 |
|
| 852 |
_aES-MaACL _jC-35245 _bR.67728 |
||
| 999 |
_c46916 _d46916 |
||